[Event "SRB-chT quality"]
[Site "Belgrade"]
[Date "2010.10.16"]
[Round "3"]
[White "Savic, Nemanja"]
[Black "Zlatkovic, Mile"]
[Result "1-0"]
[WhiteElo "1862"]
[BlackElo "2157"]
[PlyCount "93"]
[EventDate "2010.10.09"]
[EventType "team-tourn"]
[EventRounds "11"]
[EventCountry "YUG"]
[SourceTitle "EXT 2011"]
[Source "ChessBase"]
[SourceDate "2010.11.26"]
[SourceVersion "1"]
[SourceVersionDate "2010.11.26"]
[SourceQuality "1"]

1. c4 Nf6 2. Nc3 c6 3. e4 d5 4. e5 Nfd7 5. d4 e6 6. Nf3 Be7 7. Bd3 dxc4 8. Bxc4 Nb6 9. Bd3 Nd5 10. 0-0 Nxc3 11. bxc3 c5 12. Be3 Qc7 13. Nd2 Bd7 14. Qg4 g6 15. Bg5 Bc6 16. Nc4 Bf8 17. Qf4 Nd7 18. Bh6 Be7 19. Bg5 Bf8 20. a4 h6 21. Bf6 g5 22. Qe3 Nxf6 23. exf6 Bd5 24. Ne5 0-0-0 25. Rfd1 Bd6 26. Bf1 Rdg8 27. Re1 g4 28. c4 cxd4 29. Qxd4 Bc5 30. Qc3 Bc6 31. Nd3 Bd6 32. g3 Rg5 33. c5 Bd5 34. Qd4 Bf8 35. a5 a6 36. Rec1 Bc6 37. Bg2 Bb5 38. Rab1 Bc6 39. Rb6 Bxg2 40. Kxg2 Rd5 41. Qe3 Qd8 42. c6 bxc6 43. Rcxc6+ Kd7 44. Ne5+ Ke8 45. Rxe6+ fxe6 46. Rxe6+ Be7 47. Rxe7+ 1-0

[Event "SRB-chT quality"]
[Site "Belgrade"]
[Date "2010.10.09"]
[Round "1"]
[White "Ugrcic, Zoran"]
[Black "Zlatkovic, Mile"]
[Result "1/2-1/2"]
[WhiteElo "2066"]
[BlackElo "2157"]
[PlyCount "50"]
[EventDate "2010.10.09"]
[EventType "team-tourn"]
[EventRounds "11"]
[EventCountry "YUG"]
[SourceTitle "EXT 2011"]
[Source "ChessBase"]
[SourceDate "2010.11.26"]
[SourceVersion "1"]
[SourceVersionDate "2010.11.26"]
[SourceQuality "1"]

1. Nf3 c6 2. d4 Nf6 3. g3 d5 4. Bg2 g6 5. 0-0 Bg7 6. c4 0-0 7. Nc3 Re8 8. Ne5 dxc4 9. a4 Nbd7 10. Nxc4 Nb6 11. Nxb6 axb6 12. e4 b5 13. e5 Nd7 14. Be3 bxa4 15. Rxa4 Rxa4 16. Qxa4 Nb6 17. Qb4 Bf8 18. Rc1 Bf5 19. Ne4 Bxe4 20. Bxe4 e6 21. Qb3 Qc7 22. f4 Rd8 23. h4 Nd5 24. Bf2 h5 25. Kg2 Bg7 1/2-1/2

[Event "Belgrade-chT Quality"]
[Site "Belgrade"]
[Date "2009.11.02"]
[Round "10"]
[White "Stosic, Slobodan"]
[Black "Zlatkovic, Mile"]
[Result "0-1"]
[WhiteElo "2159"]
[BlackElo "2120"]
[PlyCount "80"]
[EventDate "2009.10.11"]
[EventType "team-tourn"]
[EventRounds "11"]
[EventCountry "YUG"]
[SourceTitle "CBM 133 Extra"]
[Source "ChessBase"]
[SourceDate "2010.01.05"]
[SourceVersion "1"]
[SourceVersionDate "2010.01.05"]
[SourceQuality "1"]

1. d4 e6 2. Nf3 Nf6 3. Bg5 d5 4. e3 c5 5. c3 Nc6 6. Nbd2 h6 7. Bh4 cxd4 8. exd4 Be7 9. Bd3 0-0 10. 0-0 Re8 11. Re1 a6 12. Rc1 b5 13. Bb1 Nh7 14. Qc2 Nf8 15. Bxe7 Rxe7 16. Ne5 Nxe5 17. Rxe5 Qd6 18. Rce1 Rc7 19. Nb3 b4 20. Nc5 bxc3 21. bxc3 Rb8 22. Qd2 Rxb1 23. Rxb1 Rxc5 24. dxc5 Qxe5 25. Qd4 Qc7 26. c4 dxc4 27. Qxc4 Bd7 28. f4 Bb5 29. Qb4 Qc6 30. Rc1 Nd7 31. Qd4 f6 32. Qb4 Qd5 33. Qb3 Qd4+ 34. Kh1 Nxc5 35. Qf3 Nd3 36. Rc8+ Kh7 37. h3 Qxf4 38. Qa8 f5 39. Qa7 Ne1 40. Qg1 Bf1 0-1

[Event "Belgrade-chT Quality"]
[Site "Belgrade"]
[Date "2009.10.28"]
[Round "6"]
[White "Zlatkovic, Mile"]
[Black "Tisma, Ivan"]
[Result "1/2-1/2"]
[WhiteElo "2120"]
[BlackElo "2210"]
[PlyCount "33"]
[EventDate "2009.10.11"]
[EventType "team-tourn"]
[EventRounds "11"]
[EventCountry "YUG"]
[SourceTitle "CBM 133 Extra"]
[Source "ChessBase"]
[SourceDate "2010.01.05"]
[SourceVersion "1"]
[SourceVersionDate "2010.01.05"]
[SourceQuality "1"]

1. e4 c5 2. Nc3 Nc6 3. g3 g6 4. Bg2 Bg7 5. d3 d6 6. f4 e6 7. Nf3 Nge7 8. 0-0 Nd4 9. Ne2 Nec6 10. c3 Nxf3+ 11. Bxf3 0-0 12. h3 f5 13. Bg2 Qc7 14. Be3 b6 15. Rc1 Bb7 16. g4 Ne7 17. Ng3 1/2-1/2

[Event "Belgrade-chT Quality"]
[Site "Belgrade"]
[Date "2008.11.03"]
[Round "3"]
[White "Zlatkovic, Mile"]
[Black "Krstic, Relja"]
[Result "1/2-1/2"]
[WhiteElo "2131"]
[BlackElo "2200"]
[PlyCount "21"]
[EventDate "2008.11.01"]
[EventType "team-swiss"]
[EventRounds "11"]
[EventCountry "YUG"]
[SourceTitle "CBM 127 Extra"]
[Source "ChessBase"]
[SourceDate "2009.01.08"]
[SourceVersion "2"]
[SourceVersionDate "2009.01.28"]
[SourceQuality "1"]

1. e4 c6 2. d4 d5 3. exd5 cxd5 4. Bd3 Nc6 5. c3 Nf6 6. h3 g6 7. Nf3 Bg7 8. 0-0 0-0 9. Re1 Ne8 10. Bf4 Nd6 11. Nbd2 1/2-1/2

[Event "Belgrade tt Cup"]
[Site "Belgrade"]
[Date "2007.04.12"]
[Round "4.7"]
[White "Zlatkovic, Mile"]
[Black "Jovanovski, Slobodan"]
[Result "0-1"]
[WhiteElo "2140"]
[BlackElo "2208"]
[PlyCount "106"]
[EventDate "2007.04.09"]
[EventType "team-tourn"]
[EventRounds "5"]
[EventCountry "YUG"]
[SourceTitle "EXT 2008"]
[Source "ChessBase"]
[SourceDate "2007.11.25"]
[SourceVersion "1"]
[SourceVersionDate "2007.11.25"]
[SourceQuality "1"]

1. e4 e6 2. d4 d5 3. exd5 exd5 4. Bd3 Nc6 5. c3 Bd6 6. h3 Nge7 7. Qf3 Be6 8. Ne2 Qd7 9. 0-0 h6 10. Bf4 g5 11. Bxd6 Qxd6 12. Re1 0-0-0 13. Nd2 h5 14. Qg3 Qd7 15. b4 h4 16. Qe3 Rdg8 17. Nb3 b6 18. a4 g4 19. hxg4 Bxg4 20. Nf4 Nf5 21. Bxf5 Bxf5 22. b5 Nd8 23. Qe5 Be4 24. Rxe4 dxe4 25. Qxe4 Kb8 26. a5 f5 27. Qf3 Rg4 28. axb6 cxb6 29. Nd5 Rhg8 30. Kh1 Qd6 31. Rg1 f4 32. Nb4 Nb7 33. Nc6+ Kc7 34. Re1 R4g7 35. Nd2 Rf8 36. Nc4 Qg6 37. N6e5 Qf6 38. d5 Nd6 39. Nxd6 Qxd6 40. Nc4 Qd7 41. Ne5 Qxb5 42. c4 Qc5 43. Nd3 Qd4 44. Re4 Qa1+ 45. Re1 Qf6 46. Re6 Qf5 47. Re5 Qg4 48. Re7+ Kd8 49. Qxg4 Rxg4 50. Rxa7 f3 51. gxf3 Rxf3 52. Ra8+ Kc7 53. d6+ Kb7 0-1